000 00302nam a22001337a 4500
003 SGT
020 _a818204037-X
082 _a910
_bRAS
100 _aRASTOGI, ANIL PRAMOD
245 _aAIR TRAVEL TICKETING FARE CONSTRUCTION
260 _aDELHI
_bAMAN PUB.
_c2016
300 _a272
942 _2ddc
_cBK
999 _c21077
_d21077